| 000 | 01800nam0a2200361 4500 | ||
|---|---|---|---|
| 001 | RU\NLR\bibl\1703070 | ||
| 005 | 20250616062325.0 | ||
| 010 |
_a978-5-88435-360-2 _9100 |
||
| 021 |
_aRU _b2010-81988 _95463 |
||
| 035 | _a(nilc)LIBNET\0000090734 | ||
| 035 | _a(NLR Aleph) 001694137 | ||
| 090 |
_a1179439 _c1179439 |
||
| 100 | _a20101213d2010 |||y0rusy50 ca | ||
| 101 | 0 | _arus | |
| 102 | _aRU | ||
| 105 | _aa ||||||||| | ||
| 200 | 1 |
_aСборник задач по теплообмену _eучебное пособие _fБ.М. Конюхов, Н.Н. Новиков, М.Н. Сергеев _g[Федер. агентство по образованию, Гос. образоват. учреждение высш. проф. образования "Рыбинск. гос. авиац.-технол. акад. им. П.А. Соловьева"] |
|
| 210 |
_aРыбинск _cРГАТА _d2010 |
||
| 215 |
_a184 с. _cил. |
||
| 320 | _aБиблиогр.: с. 184 (8 назв.) | ||
| 606 | 1 |
_aТеплообмен _jУчебные издания для высших учебных заведений _xЗадачи _xРешение _92544612 _3RU\NLR\auth\661506182 |
|
| 686 |
_a31.312я73 _vLBC/RL _2rubbk |
||
| 686 | _aЗ312я73-41 | ||
| 700 | 1 |
_aКонюхов _bБ. М. _gБорис Михайлович _4070 |
|
| 701 | 1 |
_aНовиков _bН. Н. _gНиколай Николаевич _4070 |
|
| 701 | 1 |
_4070 _aСергеев _bМ. Н. _cканд. техн. наук _f1967- _gМихаил Николаевич _9160409 _3RU\NLR\AUTH\770160451 |
|
| 801 | 0 |
_aRU _bЯрославская ОУНБ _c20101213 _grcr _2rusmarc |
|
| 801 | 1 |
_aRU _bЯрославская ОУНБ _c20101213 _grcr _2rusmarc |
|
| 801 | 2 |
_aRU _bNLR _c20101122 _grcr |
|
| 942 | _cBOOK | ||
| 980 | _aNB | ||